000 00531nam a2200169Ia 4500
008 240729s9999 xx 000 0 und d
022 _a2387-2306
245 0 _aJournal of Prison Education and Reentry
260 _aUnited States
260 _bVCU Libraries
650 _a Social pathology. Social and public welfare. Criminology
650 _a Theory and practice of education | Social Sciences
650 _aEducation
856 _uhttps://doaj.org/toc/474d205de0de47729696242d2795d8da
942 _2ddc
942 _cDOAJEJ
999 _c65776
_d65776
945 _a1
_bMadushi Gamage
_c1
_dMadushi Gamage